| 000 | 00815nam a22002057a 4500 | ||
|---|---|---|---|
| 003 | BD-DhUL | ||
| 005 | 20240613144428.0 | ||
| 008 | 240515s2022 bg a|||| b||| 000 0 ben | ||
| 020 | _a9847021401925 (hbk) | ||
| 040 |
_aBD-DhUL _cBD-DhUL |
||
| 082 |
_223 _a920 _bKHC |
||
| 100 | 1 | 0 | _aখান, মো. মোজাম্মেল হক |
| 245 |
_aছোট রাজকুমার শেখ রাসেল / _cমো. মোজাম্মেল হক খান। |
||
| 260 |
_aঢাকা : _bহাক্কানী, _c২০২২। |
||
| 300 |
_a১২৮ পৃ. : _bসম্মুখ চিত্র, চিত্র ; _c২৪ সেমি। |
||
| 365 |
_aBDT _b600.00 |
||
| 600 | 4 |
_aরাসেল, শেখ _xজীবনী। |
|
| 600 | 4 |
_aRasel, Sheikh _xBiography. |
|
| 942 |
_2ddc _cBK |
||
| 999 |
_c259503 _d259503 |
||